| 000 | 00314nam a22001097a 4500 | ||
|---|---|---|---|
| 999 |
_c165079 _d165079 |
||
| 082 |
_a _b |
||
| 100 | _aDevandra Prasad Shingh | ||
| 245 |
_aHindi ka saral shabdanushasan sidhanta aar prayog/ _cby Devandra Prasad Shingh. |
||
| 260 |
_aNew Delhi: _bBharathiya Vidya Prakashan, _c2006. |
||
| 650 | _a | ||
| 942 | _cBK | ||